LEADER 01120nam0 22002771i 450 001 UON00128889 005 20231205102748.84 100 $a20020107d1975 |0itac50 ba 101 $ahin 102 $aIN 105 $a|||| 1|||| 200 1 $aBharatiya Sanghita Kosha$fVimalakanta Raya Chaudhury 210 $aDilli$cBharatiya Jnanapitha Prakashana$d1975 215 $a255 p.$d21 cm 606 $aMUSICA INDIANA$3UONC004712$2FI 620 $aIN$dNew Delhi$3UONL000110 686 $aSI IX H$cSUBCONT. INDIANO - ARTI - MUSICA, TEATRO, CINEMA, DANZA$2A 700 1$aRAYA CHAUDHURI$bVimalakanta$3UONV079319$0668081 712 $aBharatiya Jnanapitha Prakashana$3UONV255426$4650 790 1$aRAY CAUDHURY, Vimalakant$zRAYA CHAUDHURI, Vimalakanta$3UONV079320 801 $aIT$bSOL$c20240220$gRICA 899 $aSIBA - SISTEMA BIBLIOTECARIO DI ATENEO$2UONSI 912 $aUON00128889 950 $aSIBA - SISTEMA BIBLIOTECARIO DI ATENEO$dSI SI IX H 019 $eSI SA 24037 7 019 996 $aBharatiya Sanghita Kosha$91319684 997 $aUNIOR LEADER 02026nas 2200565-a 450 001 9910146968803321 005 20240413024449.0 035 $a(CKB)111035569370036 035 $a(CONSER)---91640631- 035 $a(EXLCZ)99111035569370036 100 $a19900820b19901996 --- a 101 0 $aeng 181 $ctxt$2rdacontent 182 $cc$2rdamedia 183 $acr$2rdacarrier 200 00$aThi3d [i.e. third] world libraries /$fRosary College Graduate School of Library and Information Science 210 $aRiver Forest, Ill. $cRosary College$dc1990-1996 215 $a1 online resource 300 $aTitle from cover. 311 $aPrint version: Thi3d [i.e. third] world libraries / (DLC) 91640631 (DLC)sn 90001171 (OCoLC)22248373 1052-3049 517 3 $aThird world libraries 531 $aTHIRD WORLD LIBRARIES 531 0 $aThird world libr. 606 $aLibrary science$zDeveloping countries$vPeriodicals 606 $aLibraries$zDeveloping countries$vPeriodicals 606 $aCIENCIAS DE LA INFORMACION$xPUBLICACIONES PERIODICAS$2renib 606 $aLIBRARIES$2unbist 606 $aLIBRARIANS$2unbist 606 $aDEVELOPING COUNTRIES$2unbist 606 $aINTERNATIONAL LIBRARIANSHIP$2unbist 606 $aLibraries$2fast$3(OCoLC)fst00997341 606 $aLibrary science$2fast$3(OCoLC)fst00997916 607 $aDeveloping countries$2fast 608 $aPeriodicals.$2fast 615 0$aLibrary science 615 0$aLibraries 615 7$aCIENCIAS DE LA INFORMACION$xPUBLICACIONES PERIODICAS. 615 7$aLIBRARIES 615 7$aLIBRARIANS 615 7$aDEVELOPING COUNTRIES 615 7$aINTERNATIONAL LIBRARIANSHIP 615 7$aLibraries. 615 7$aLibrary science. 676 $a020/.9172/4 712 02$aRosary College (River Forest, Ill.).$bGraduate School of Library and Information Science. 906 $aJOURNAL 912 $a9910146968803321 920 $aexl_impl conversion 996 $aThi3d world libraries$92114742 997 $aUNINA